Ligue 1 Transfers 23/24 - Statistics

General Stats
  • This quiz has been taken 91 times
  • The average score is 25 of 40
Answer Stats
From To Fee Answer % Correct
Frankfurt PSG 95M France Randal Kolo Muani
100%
Barcelona PSG 50M France Ousmane Dembele
97%
Bayern PSG 45M France Lucas Hernandez
96%
Sporting PSG 60M Uruguay Manuel Ugarte
96%
Mallorca PSG 22M South Korea Kang-in Lee
91%
Arsenal Monaco 30M USA Folarin Balogun
89%
Lyon PSG 45M France Bradley Barcola
87%
Juventus Monaco 20M Switzerland Denis Zakaria
82%
Montpellier Lens 30M France Elye Wahi
82%
Sheffield Utd Marseille 17M Senegal Iliman Ndiaye
81%
Benfica PSG LOAN Portugal Goncalo Ramos
78%
Inter PSG FREE Slovakia Milan Skriniar
78%
Atletico Marseille 13M Brazil Renan Lodi
78%
Chelsea Marseille FREE Gabon Pierre Emerick Aubameyang
77%
Watford Marseille 13M Senegal Ismaila Sarr
75%
Atalanta Nice 18M Ivory Coast Jeremie Boga
75%
Southampton Lyon LOAN+1M Croatia Duje Caleta-Car
71%
Real Madrid PSG FREE Spain Marco Asensio
68%
Inter Marseille LOAN+2M Argentina Joaquin Correa
66%
Atletico Marseille 8M CAR Geoffrey Kondogbia
62%
Southampton Monaco 15M Ghana Mohamed Salisu
59%
Barcelona Lille FREE France Samuel Umtiti
59%
Man City Lorient FREE France Benjamin Mendy
58%
Roma Stade Rennais 2M Serbia Nemanja Matic
58%
Lorient Stade Rennais 20M France Enzo Le Fee
57%
Arsenal Nantes LOAN+300k Brazil Marquinhos
57%
Arsenal Lyon FREE England Ainsley Maitland-Niles
54%
Torino Monaco 10M Ivory Coast Wilfried Singo
52%
LASK Stade Reims 12M Japan Keito Nakamura
48%
Aston Villa Nice LOAN France Morgan Sanson
46%
Bournemouth Lorient LOAN France Romain Faivre
41%
Celta Marseille 1M Spain Ruben Blanco
41%
Benfica PSG FREE Italy Cher Ndour
38%
Ajax Stade Reims 12M Denmark Mohamed Daramy
37%
Toulouse Lens FREE Netherlands Stijn Spierings
35%
Chelsea Lorient FREE France Tiemoue Bakayoko
35%
Sturm Graz Strasbourg 13M Netherlands Emanuel Emegha
30%
Salzburg Monaco 10M Switzerland Philipp Kohn
27%
Young Boys Stade Rennais 15M Switzerland Fabian Rieder
23%
NEC Toulouse 3M Netherlands Ibrahim Cissoko
6%
No matching quizzes found
Score Distribution
Percent of People with Each Score
Percentile by Number Answered
Your Score History
You have not taken this quiz